| 000 | 00948nam a22003017a 4500 | ||
|---|---|---|---|
| 001 | 5858 | ||
| 003 | FISKH | ||
| 005 | 20250127090038.0 | ||
| 008 | 250127b cb ||||| |||| 00| 0 eng d | ||
| 020 | _a9780590477581 | ||
| 040 |
_aFISKH _beng _cFISKH _dFISKH |
||
| 050 | _aPZ73 | ||
| 082 | _a372.4 | ||
| 100 |
_aMora, Pat _d(1942-) |
||
| 245 |
_aA birthday basket for Tia / _cby Pat Mora illustrated by Cecily Lang |
||
| 250 | _aThis edition is published in 1992 | ||
| 260 |
_aNew York : _bScholastic, _c1992. |
||
| 300 |
_a32 pages : _bcolor illustrations ; _c21 cm |
||
| 505 | _aL | ||
| 520 | _aWith the help and interference of her cat Chica, Cecilia prepares a surprise gift for her great-aunt's ninetieth birthday. | ||
| 521 | 8 |
_a510
_bLexile |
|
| 521 | 8 |
_aL
_bRaz-Plus |
|
| 650 |
_2Family _aBirthday |
||
| 650 |
_2Picture book _aMulticultural |
||
| 700 |
_aLang, Cecily _dillustrator |
||
| 942 |
_2ddc _cBK _n0 |
||
| 999 |
_c5858 _d5858 |
||